Music Quiz

Random Music or Song Quiz

God Bless America Quiz Stats

 Plays Quiz Updated May 28, 2018

Challenge
Share
Tweet
Embed
Score 0/47 Timer 02:00
0 Plays Today
% Correct
God
99.4%
bless
99.2%
America
99.1%
God
98.4%
bless
98.2%
God
98.2%
America
98.2%
bless
98%
America
98%
the
94.7%
I
94.7%
the
94.6%
the
94.5%
the
94.5%
the
94.3%
land
93.8%
love
91.1%
and
90.6%
that
90.5%
to
85.9%
To
85.6%
her
85.4%
her
85.4%
Stand
84.8%
% Correct
from
84.7%
beside
84.6%
From
84.5%
guide
84%
mountains
81.8%
home
80.8%
home
80.7%
home
80.6%
home
80.6%
my
79.5%
my
79.4%
above
78%
sweet
78%
sweet
77.9%
with
76.4%
with
76.1%
oceans
75.6%
light
73.7%
prairies
69.8%
through
69.3%
white
67.7%
foam
67.2%
night
65.5%

You're not logged in!

Compare scores with friends on all Sporcle quizzes.
Join for Free
OR
Log In

You Might Also Like...

Show Comments

Extras

Top Quizzes Today


Score Distribution

Your Account Isn't Verified!

In order to create a playlist on Sporcle, you need to verify the email address you used during registration. Go to your Sporcle Settings to finish the process.

Report this User

Report this user for behavior that violates our Community Guidelines.

Details: